000 00401nam a2200169Ia 4500
001 13863
003 IN-NITTTR
005 20251114233130.0
008 251113s9999||||xx |||||||||||||| ||eng||
040 _beng
040 _cIN-NITTTR
041 _aeng
082 _a515 H544A
100 _aHildebrand, F. B.
245 0 _aAdvanced calculus for applications. /
_cHildebrand, F. B.
942 _2ddc
_cBK
999 _c16499
_d16499